01027 2200313 4500001002100000005001500021035002000036007000300056008004100059020002200100082002000122084002200142100003300164245014100197250003200338300005200370700002900422651002600451264002900477336002100506337003000527338002300557040002200580090002200602850001200624504003300636999002200669990002200691INLIS00000000088632120240507013354 a0010-0524000152ta240507s2023 yoia g ind d a978-623-174-156-104223a390.0959862 a390.0959862 IKA n0 aI Kadek PranajayaePengarang13aNilai-nilai sosial, budaya, dan religi dalam rangkaian tradisi meburu di desa adat Panjer /cI Kadek Pranajaya; penyunting, I Ketut Suda aCetakan pertama, April 2023 aviii, 132 halaman :bilustrasi, gambar ;c21 cm0 aI Ketut SudaePenyunting 4aBali--xAdat istiadat31aBantul :bK-Media,c2023 2rdacontentateks 2rdamediaatanpa perantara 2rdacarrieravolume aYOPDYOGbinderda aCB-D.11 2023-4863 aYOPDYOG aBibliografi: halaman 121-126 aCB-D.11/2023-4863 aCB-D.11/2023-4863